| 000 | 01230cam a22003497a 4500 | ||
|---|---|---|---|
| 003 | CHAP | ||
| 005 | 20220329142528.0 | ||
| 008 | 010911d1998 mx a r 00110 spa d | ||
| 010 | _a84595 | ||
| 011 | _a85567 | ||
| 035 | _a96101 | ||
| 040 | _cCHAP | ||
| 090 | _aTesis | ||
| 100 | 0 | 0 |
_aQuintana Adriano, Oscar Jaime. _993354 |
| 245 | 1 | 0 |
_aBeneficiado del café (Coffea arabica L.) por vía húmeda en el Soconusco, Chiapas _c/por Oscar Jaime Quintana Adriano |
| 260 |
_aHuehuetán, Chis. : _bEl autor, _c2001. |
||
| 300 |
_a93 h. : _bilus. |
||
| 500 | _aMemoria de práctica profecional | ||
| 502 | _aTesis (Ing. Agr. Fitotecnista) -- Universidad Autónoma de Chiapas. Facultad de Ciencias Agrícolas Campus IV | ||
| 590 |
_aALEPH _b10 _c20130110 _lUCH01 _h1443 |
||
| 590 |
_aBATCH-UPD _b10 _c20130110 _lUCH01 _h0919 |
||
| 590 |
_aBATCH-UPD _b10 _c20130410 _lUCH01 _h0542 |
||
| 590 |
_aBATCH-UPD _b10 _c20130914 _lUCH01 _h0812 |
||
| 590 |
_aCONVERSION _b10 _c20130109 _lUCH01 _h1347 |
||
| 650 | 1 | 4 |
_aCafé _xChiapas. _917115 |
| 650 | 1 | 4 |
_aCafé _xHumedad. _917155 |
| 650 | 1 | 4 |
_aCafé _xProcesado. _917188 |
| 901 | _aBK | ||
| 905 | _aMayto Villalobos S | ||
| 942 | _cTESIS | ||
| 949 |
_aTesis _bBC _cTES _d961011 _eTS1 _h38230 _i96101 _sb |
||
| 999 |
_c84595 _d84595 |
||